Zákon o pětiletém plánu obnovy a rozvoje národního hospodářství SSSR na léta 1946-50

Na minha lista:
Detalhes bibliográficos
Formato: Livro
Idioma:tcheco
Publicado em: Praha Orbis 1950
Tags: Adicionar Tag
Sem tags, seja o primeiro a adicionar uma tag!

MARC

LEADER 00000nam a2200000 4500
001 0308547
005 20250513085745.9
041 0 |a cze 
044 |a CZ 
245 1 0 |a Zákon o pětiletém plánu obnovy a rozvoje národního hospodářství SSSR na léta 1946-50 
264 1 |a Praha  |b Orbis  |c 1950